| 000 | 00768nam a2200229 a 4500 | ||
|---|---|---|---|
| 001 | 000040828 | ||
| 003 | DO-SdBNP | ||
| 005 | 20180118103026.0 | ||
| 007 | 000040828 | ||
| 008 | 130909s2011 dr a 000 0 spa d | ||
| 040 |
_aBPMSU _bspa _cBPMSU |
||
| 092 |
_axxx _bxxx |
||
| 245 | 0 | 0 |
_aCartilla para mujeres : _bmovilización social por una vida sin violencia para las mujeres de la República Dominicana. |
| 260 |
_aSanto Domingo : _bMinisterio de la Mujer, _c2011. |
||
| 300 |
_a31 p. : _bil. ; _c28 cm. |
||
| 930 | 1 |
_lBND01 _mLF1 _820131008 _f01 _pHD _g40842 |
|
| 942 |
_2ddc _cBK |
||
| 945 | _aInventariado, 2018/MFF | ||
| 956 |
_aDGARCIA _b10 _c20130909 _lBND01 _h1101 |
||
| 956 |
_aYLOCKWARD _b10 _c20131008 _lBND01 _h1512 |
||
| 956 |
_aMMOLINA _b10 _c20131023 _lBND01 _h1458 |
||
| 999 |
_c8234 _d8234 |
||